000 00281nam a22001337a 4500
008 170220b xxu||||| |||| 00| 0 eng d
020 _a9780131716421
041 _aeng
080 _a615
100 _a5
101 _aSHF
245 _aFOCUS PHARMACOLOGY
_cMOINI
942 _2udc
_cBK
999 _c5793
_d5793